| 000 | 00512nam a2200193Ia 4500 | ||
|---|---|---|---|
| 005 | 20250423095049.0 | ||
| 008 | 250422s9999 xx 000 0 und d | ||
| 020 | _a9780071289467 | ||
| 050 | _aTK 5102.9 .M57/ | ||
| 100 | _aMitra, Sanjit K. | ||
| 245 | 0 | _aDigital signal processing: a computer based approach | |
| 250 | _a4th ed. | ||
| 260 | _aNew York | ||
| 260 | _bMcGraw-Hill | ||
| 260 | _c2011 | ||
| 300 | _a940 p | ||
| 650 | _aSignal processing--Digital techniques--Data processing. | ||
| 942 | _cBK | ||
| 999 |
_c29128 _d29128 |
||